Регионална библиотека "Любен Каравелов" - Русе

Трудово обучение (Запис номер 129977)

MARC детайли
000 -Лидер
Контролно поле с фиксирана дължина nam a22 a 4500
003 - Код на организацията, давaща контролен номер
Контролно поле BLK
005 - Дата и час на последна редакция
Контролно поле 20221205112745.0
008 - Елементи от данни с фиксирана дължина
fixed length control field 180409b bul|||||r ||||||| ||bul||
010 ## - Наследен системен номер
LC control number KNG00135722000
040 ## - Източник на каталожния запис
Идентификатор на билиотеката - собственик на записа BLK
041 ## - Код за език
Код за езика на текст/звукозапис или на отделно заглавие Български
Код за езика КДБФ Български
080 ## - УДК
Текстов определител УДК Специално обучение като елемент на общообразователното обучение - Обучение по техника, домакинство, селско стопанство и др.
УДК код - определител по УДК 373.6
УДК определител (072)
УДК - код + определител 373.6(072)
100 1# - Редна дума - Автор
Автор Божков, Николай Лилов
Авторска отговорност първи автор
R(LIN) 321924
139 ## - Редно поле
Редна дума Божков, Николай Лилов и др.
Авторски знак Божк - Б 57
245 10 - Сведения за заглавието
Заглавие Трудово обучение
Подзаглавни данни Ръководство за учителя на IV кл. на ЕСПУ
Редно поле (дума) Николай Лилов Божков; съавт. Христина Н. Копарова; съавт. Лиляна Кр. Ярославска.
250 ## - Област на изданието
Сведения за изданието 2. прераб. изд.
257 ## - Страна на издаване
Страна на създаване/издаване България
260 ## - Област на издателските данни
Име на издателя, разпространителя и проч. Нар. просв.
Година на издаване 1979
Печатница В. Търново : Д. Найденов
Място на издаване, разпространение и проч. София
300 ## - Физическа характеристика
Страници 136 с.
Илюстрации и др. с ил.
Размери/Мащаб 20 см
380 ## - Жанр
Жанр Обществени науки
500 ## - Общи забележки
Забележка Авт. не са отбелязани на кор. - 1. изд. 1976. -10 082 тир. - Библиогр. с. 133-134.
650 #4 - Допълнително описание по предмет – тема
Основно описание – тема или топоним Трудово обучение - методика на преподаването
9 (RLIN) 243842
653 ## - Ключова дума – ненормативна
Ключова дума трудово обучение
653 ## - Ключова дума – ненормативна
Ключова дума методика на преподаването
653 ## - Ключова дума – ненормативна
Ключова дума ІV кл.
653 ## - Ключова дума – ненормативна
Ключова дума книга за учителя
700 1# - Други автори (авторска отговорност)
Лично име Копарова, Христина Николова
Автороска отговорност (Описва отношението между автора и произведението) съавт.
9 (RLIN) 82256
700 1# - Други автори (авторска отговорност)
Лично име Ярославска, Лиляна Крумова
Автороска отговорност (Описва отношението между автора и произведението) съавт.
9 (RLIN) 146079
852 ## - Местоположение
Форматна сигнатура Цб 99931
Фондова буква Хранилище
856 4# - Електронен адрес и достъп
Електронен формат pdf - файл
Инструкция (цена за достъп) 0.00
Права за достъп disable
856 4# - Електронен адрес и достъп
Електронен формат pdf - файл
Инструкция (цена за достъп) 0.00
Права за достъп disable
999 ## - СИСТЕМНИ КОНТРОЛНИ НОМЕРА
Koha biblionumber 129977
Koha biblioitemnumber 129977
942 ## - АРТИКУЛИ
Вид на библиотечния материал Книги
Скрит в OPAC Не
Периодичен библиозапис Да
944 ## - СЪЗДАВАНЕ И РЕДАКЦИЯ на ЗАПИСА
Създаване/Редакция Създаване
Дата на регистрацията/редакция 31.10.2012
Статус, дата на статуса 31.10.2012 - от С1,Р / 31.10.2012
Служител, извършил регистрацията/редакцията Людмила_Стоянова
944 ## - СЪЗДАВАНЕ И РЕДАКЦИЯ на ЗАПИСА
Създаване/Редакция Редакция
Дата на регистрацията/редакция 31.10.2012
Статус, дата на статуса 31.10.2012 - от С1,Р / 31.10.2012
944 ## - СЪЗДАВАНЕ И РЕДАКЦИЯ на ЗАПИСА
Създаване/Редакция Редакция
Дата на регистрацията/редакция 2022-12-05
Статус, дата на статуса 2022-12-05
999 ## - СИСТЕМНИ КОНТРОЛНИ НОМЕРА
Koha biblioitemnumber 129977
Наличности
Код за отписване Код за изгубен артикул Източник на класификационната схема Код за повреда Коз за рестрикции Код за отдаване Артикулен № Име на библиотеката - собственик Име на библиотеката, в която се намира в момента Статус (Текущо местоположение) Дата на вписване в системата Местоположение - отдел Цена в лева Инвентарен номер Систематично азбучна сигнатура Баркод Номер на екземпляра Цена в евро Служебна бележка Служебен тип на артикула
  Не е изгубен Universal Decimal Classification Не е повреден само за читалня ползва се в читалня 211360 Регионална библиотека "Любен Каравелов" Русе Регионална библиотека "Любен Каравелов" Русе Хранилище 1979-01-01 Хранилище 0.48 289142 Цб 99931 120000289142 1 0.25 Дата: 01.01.1979 Книги
Изтеглен Не е изгубен Universal Decimal Classification Не е повреден без рестрикции заемане за дома 211361 Регионална библиотека "Любен Каравелов" Русе Регионална библиотека "Любен Каравелов" Русе Заемна - подръчен фонд 1979-01-01 Заемна - подръчен фонд 0.48 309245 П 373/Б 57 309245 2 0.25 Дата: 01.01.1979 Книги
Vip Innovations Ltd, Rousse, Bulgaria 2025